书目信息 |
| 题名: |
我的家:全国居室装饰两面三刀赛入选作品集
|
|
| 作者: | 洪涛 , 邹敏讷 主编 | |
| 分册: | ||
| 出版信息: | 长沙 湖南美术出版社 1996.06 |
|
| 页数: | 127页 | |
| 开本: | 16开 | |
| 丛书名: | ||
| 单 册: | ||
| 中图分类: | TU238 | |
| 科图分类: | ||
| 主题词: | 建筑设计 | |
| 电子资源: | ||
| ISBN: | 7-5356-0831-0 | |
| 000 | 00665nam0 2200205 45 | |
| 001 | 0008181776 | |
| 005 | 20000818174616.7 | |
| 010 | @a7-5356-0831-0@d55.00元 | |
| 100 | @a20000818d1996 km y0chiy0120 ea | |
| 101 | 0 | @achi |
| 105 | @a z 000yy | |
| 200 | 1 | @a我的家:全国居室装饰两面三刀赛入选作品集@AWo De Jia:Quan Guo Ju Shi Zhuang Shi Liang Mian San Dao Sai Ru Xuan Zuo Pin Ji@f洪涛,邹敏讷主编@FHong Tao,Zou Min Ne Zhu Bian |
| 210 | @a长沙@c湖南美术出版社@d1996.06 | |
| 215 | @a127页@d16开 | |
| 606 | 0 | @a建筑设计 |
| 690 | @aTU238@v3 | |
| 701 | 0 | @a洪涛@4主编 |
| 701 | 0 | @a邹敏讷@4主编 |
| 801 | @aCN@bPftUser@c20000818 | |
| 905 | @b111658-662@dTU238@eL.150@f5 | |
| 我的家:全国居室装饰两面三刀赛入选作品集/洪涛,邹敏讷主编.-长沙:湖南美术出版社,1996.06 |
| 127页;16开 |
| ISBN 7-5356-0831-0:55.00元 |
| ● |
| 相关链接 |
|
|
|
正题名:我的家:全国居室装饰两面三刀赛入选作品集
索取号:TU238/L.150
 
预约/预借
| 序号 | 登录号 | 条形码 | 馆藏地/架位号 | 状态 | 备注 |
| 1 | 111658 | 201116586 | 建筑库101/101建筑库 49排2列3层/ [索取号:TU238/L.150] | 在馆 | |
| 2 | 111659 | 201116595 | 建筑库101/101建筑库 49排2列3层/ [索取号:TU238/L.150] | 在馆 | |
| 3 | 111660 | 201116602 | 建筑库101/101建筑库 49排2列3层/ [索取号:TU238/L.150] | 在馆 | |
| 4 | 111661 | 201116611 | 建筑库101/101建筑库 49排2列3层/ [索取号:TU238/L.150] | 在馆 | |
| 5 | 111662 | 201116620 | 建筑库101/101建筑库 49排2列3层/ [索取号:TU238/L.150] | 在馆 |